LEADER 01133nam0-22003731i-450- 001 990001316710403321 010 $a0-8218-4562-4 035 $a000131671 035 $aFED01000131671 035 $a(Aleph)000131671FED01 035 $a000131671 100 $a20000920d1991----km-y0itay50------ba 101 0 $aeng 200 1 $aConformal mappings and boundary value problems$fGuo Chun Wen. 210 $aProvidence$cAmerican Mathematical Society$d1991. 215 $aviii, 303 p.$d24 cm 225 1 $aTranslations of mathematical monographs$v106 300 $aTranslation from the Chinese by Kuniko Weltin 610 0 $aTeoria delle funzioni complesse 610 0 $aTrasformazioni conformi 610 0 $aFunzioni intere e meromorfe 610 0 $aProblemi al contorno 676 $a515.9 700 1$aWen,$bGuochun$f<1930- >$059627 801 0$aIT$bUNINA$gRICA$2UNIMARC 901 $aBK 912 $a990001316710403321 952 $aC-29-(106$b10067$fMA1 959 $aMA1 962 $a30C35 962 $a30E25 996 $aConformal mappings and boundary value problems$9382576 997 $aUNINA DB $aING01 LEADER 02387nam 22006014a 450 001 9910780317503321 005 20230617014227.0 010 $a1-280-86640-3 010 $a9786610866403 010 $a0-85199-874-7 035 $a(CKB)111090529199350 035 $a(EBL)297519 035 $a(OCoLC)437182357 035 $a(SSID)ssj0000222326 035 $a(PQKBManifestationID)11910860 035 $a(PQKBTitleCode)TC0000222326 035 $a(PQKBWorkID)10174493 035 $a(PQKB)11132612 035 $a(MiAaPQ)EBC297519 035 $a(Au-PeEL)EBL297519 035 $a(CaPaEBR)ebr10070221 035 $a(CaONFJC)MIL86640 035 $a(EXLCZ)99111090529199350 100 $a20030321d2004 uy 0 101 0 $aeng 135 $aur|n|---||||| 181 $ctxt 182 $cc 183 $acr 200 10$aPlant evolution and the origin of crop species$b[electronic resource] /$fJames F. Hancock 205 $a2nd ed. 210 $aWallingford, Oxon, UK ;$aNew York, NY $cCABI Pub.$dc2004 215 $a1 online resource (324 p.) 300 $aDescription based upon print version of record. 311 $a0-85199-685-X 320 $aIncludes bibliographical references (p. 251-305). 327 $aPreface; Introduction; 1 Chromosome Structure and Genetic Variability; 2 Assortment of Genetic Variability; 3 The Multifactorial Genome; 4 Polyploidy and Gene Duplication; 5 Speciation; 6 The Origins of Agriculture; 7 The Dynamics of Plant Domestication; 8 Cereal Grains; 9 Protein Plants; 10 Starchy Staples and Sugars; 11 Fruits, Vegetables, Oils and Fibres; 12 Postscript: Germ-plasm Resources; References; Index 330 $aThe key features of this fully revised edition include: a description of the evolution of native and cultivated populations of plants; a review of when and where major crops were domesticated; and a discussion of the subsequent development of crops. 606 $aCrops$xEvolution 606 $aCrops$xOrigin 606 $aPlants$xEvolution 615 0$aCrops$xEvolution. 615 0$aCrops$xOrigin. 615 0$aPlants$xEvolution. 676 $a633 700 $aHancock$b James F$0905901 801 0$bMiAaPQ 801 1$bMiAaPQ 801 2$bMiAaPQ 906 $aBOOK 912 $a9910780317503321 996 $aPlant evolution and the origin of crop species$92762350 997 $aUNINA